000 00698nam a22002297a 4500
003 UA-OsUOA
001 56916
007 ta
008 20081118b un ||||| |||| 00| 0 ukr d
090 _a347.991(477)
_bС89
942 _cBK
040 _aUA-OsUOA
_bukr
_cUA-OsUOA
_dUA-OsUOA
245 _aСудова практика Верховного Суду України у цивільних справах
_cза ред. А. Г. Яреми
300 _a960 с.
955 _a2
041 _aukr
080 _a347.991(477)
020 _a978-966-313-313-3
260 _aК.
_bІн Юре
_c2007
650 7 _a347 Цивільне право. Судовий устрій
_2UDC
999 _c342997
_d342997